Pests of stored products (Record no. 26588)

MARC details
000 -LEADER
fixed length control field 00338nam a2200133Ia 4500
082 ## - DEWEY DECIMAL CLASSIFICATION NUMBER
Classification number 632.9
Item number MUN
100 ## - MAIN ENTRY--AUTHOR NAME
Personal name MUNRO, J W
245 #0 - TITLE STATEMENT
Title Pests of stored products
260 ## - PUBLICATION, DISTRIBUTION, ETC. (IMPRINT)
Place of publication London
Name of publisher Hutchinson
Year of publication 1966
490 ## - SERIES STATEMENT
Series statement The Rentokil library
650 ## - SUBJECT ADDED ENTRY--TOPICAL TERM
Topical Term Stored products pests
942 ## - ADDED ENTRY ELEMENTS (KOHA)
Koha item type Books
Holdings
Withdrawn status Lost status Damaged status Not for loan Home library Current library Date acquired Full call number Accession Number Koha item type
        RRII Library RRII Library 16/12/2021 632.9 MUN 07221 Books